Hegemonía o supervivencia: el dominio mundial de EEUU

Guardat en:
Dades bibliogràfiques
Autor principal: Chomsky, Noam (Autor)
Format: Llibre
Idioma:espanyol
Publicat: Bogotá Norma 2004
Edició:1a. ed
Col·lecció:Colección Biografías y Documentos
Matèries:
Etiquetes: Afegir etiqueta
Sense etiquetes, Sigues el primer a etiquetar aquest registre!

MARC

LEADER 00000nam a2200000 a 4500
001 UCK2698
003 CL-VaPUC
008 050311e20040000CK |||||||||||||||||spa|d
020 |a 9580478252 
082 0 4 |a 320.01  |b CHO  |2 21 
100 0 |a Chomsky, Noam  |e author  |9 320717 
245 1 0 |a Hegemonía o supervivencia: el dominio mundial de EEUU 
250 |a 1a. ed 
300 |a 368 p 
942 |c BK 
945 |d 20050311 00:00:00  |a cmena 
260 |a Bogotá  |b Norma  |c 2004 
650 7 |a FILOSOFIA POLITICA  |2 CL-VaPUC  |9 490585 
650 0 |a Globalización  |9 361930 
650 0 |a Imperialismo  |9 258264 
650 0 |a Poder político  |9 255509 
651 0 |a Estados Unidos  |9 255178 
583 |a last modification  |c 20050311 00:00:00  |k Rodrigo Vera 
490 0 |a Colección Biografías y Documentos 
999 |c 312123  |d 312121 
952 |0 0  |1 0  |4 0  |6 320_010000000000000_CHO_2004  |7 0  |8 A  |9 382008  |a BIBCUR  |b BIBCUR  |d 2019-11-21  |i 4098714  |o 320.01 CHO 2004  |p 4098714  |r 2025-04-22  |w 2019-11-21  |y BK  |k PER 
952 |0 0  |1 0  |4 0  |6 320_010000000000000_CHO_2004  |7 0  |8 A  |9 382009  |a BIBCUR  |b BIBCUR  |d 2019-11-21  |i 4356845  |o 320.01 CHO 2004  |p 4356845  |r 2025-04-22  |w 2019-11-21  |y BK  |k MGC